| 000 | 00405nam a2200157Ia 4500 | ||
|---|---|---|---|
| 008 | 230312s9999||||xx |||||||||||||| ||und|| | ||
| 020 | _a81-219-2199-6 | ||
| 082 |
_a621.381 _bTHE-P |
||
| 100 | _aTheraja,B.L | ||
| 245 | 0 | _aPrinciples of Electronic Devices and Circuits | |
| 260 |
_bS.Chand _aIndia _c2008 |
||
| 300 | _a592 | ||
| 546 | _aEng. | ||
| 650 |
_aEngineering _vSemiconduvtor Physics |
||
| 942 | _cBK | ||
| 999 |
_c1334 _d1334 |
||